00650nam a2200205Ia 4500008004100000020001500041082001500056100001900071245003000090250000900120260003000129300001100159500002400170650001200194700001400206942000700220952010100227952010100328999001500429230524s9999 xx 000 0 und d a8121904676 a530.1bSUB aN.Subrahmanyam 2aA Text Book of Optics (2) a22TH aNEW DELHIbS. Chandc2004 aXV;718 aQuantity Number: 2 aPhysics a Brij Lal cBK 00104070aTATCLbTATCLcGENd2023-05-24l0o530.1 SUBp283r2023-05-24w2023-05-24yBKzBS1102 00104070aTATCLbTATCLcGENd2023-05-24l0o530.1 SUBp284r2023-05-24w2023-05-24yBKzBS1102 c1392d1392